00811nam a22002297a 4500999001900000003000400019020001900023082001900042100001300061245013700074260006000211300001000271546001200281650003000293650003300323650002600356650002300382700002100405700002200426942001200448952012100460 c195322d195322OSt a97881930376450 a338.17bUMA/PA aUma Lele aPatterns of structural transformation and agricultural productivity growth:bwith special focus on Brazil Chaina Indonesia and India aPunebGokhale Institute of Politics and Economicsc2018 a297p. aEnglish aAgricultural productivity aEnvironmental sustainability aAgricultural strategy aEnvironment policy aManmohna Agarwal aSambuddha Goswami 2ddccBK 00102ddc40708GenaKAUCLVbKAUCLVcGENERALd2020-12-04g500.00l0o338.17 UMA/PAp811506r2020-12-04 00:00:00yBK